000 00237nam a2200097Ia 4500
001 641734
005 20250826153513.0
008 250824s9999 xx 000 0 und d
245 0 _aACABA NE OLSAM? MÜHENDİS
_cTOPRAK IŞIK
260 _bTUDEM
999 _c641734
_d641734